LIBRARY & INFORMATION CENTRE, KCAET, TAVANUR

ONLINE PUBLIC ACCESS CATALOGUE (OPAC)

Nav Ratn / (Record no. 8029)

MARC details
000 -LEADER
fixed length control field 00459cam a2200193ua 4500
041 ## - LANGUAGE CODE
Language code of text/sound track or separate title hin
082 ## - DEWEY DECIMAL CLASSIFICATION NUMBER
Classification number 891.54
Item number SAR/NA
100 ## - MAIN ENTRY--AUTHOR NAME
Personal name Saraswati Amma, K M .
245 00 - TITLE STATEMENT
Title Nav Ratn /
250 ## - EDITION STATEMENT
Edition statement 1 /
260 ## - PUBLICATION, DISTRIBUTION, ETC. (IMPRINT)
Place of publication Tiruvalla :
Name of publisher Saraswathi Prakshan ,
Year of publication 1966.
300 ## - PHYSICAL DESCRIPTION
Number of Pages 110 ; .
942 ## - ADDED ENTRY ELEMENTS (KOHA)
Koha item type Books
Holdings
Withdrawn status Lost status Damaged status Home library Current library Date acquired Full call number Accession Number Koha item type Public note
Withdrawn     KAUAET Sanskrit University 07/04/2012 891.54 8783 Books Transferred to Sanskrit University
Withdrawn     KAUAET Sanskrit University 07/04/2012 891.54 11506 Books  
free website counter